Missing Word: Harry Potter Chapters Book 7 Quiz Stats

 Plays Quiz Updated Aug 30, 2019

Score 0/32 Timer 03:00
0 Plays Today
Chapter Title Missing Word % Correct
The ____ HallowsDeathly
91.1%
The Sacking of ____ SnapeSeverus
85.4%
Xenophilius ____Lovegood
85.1%
Nineteen Years ____Later
84.2%
The Tale of the Three ____Brothers
83.7%
The Battle of ____Hogwarts
82.1%
The ____ WandElder
81.6%
____ MemoriamIn
81.2%
____ HollowGodric's
78.9%
____ ManorMalfoy
78%
A ____ to HidePlace
72.8%
The Life and ____ of Albus DumbledoreLies
70.3%
The Seven ____Potters
69.2%
____ CottageShell
69%
King's ____Cross
67.9%
____ Is MightMagic
66.1%
Chapter Title Missing Word % Correct
The ____ DiademLost
65.1%
Bathilda's ____Secret
58.8%
Kreacher's ____Tale
58.5%
The Silver ____Doe
58.4%
The ____ in the PlanFlaw
56.1%
The ____ of Albus DumbledoreWill
53.1%
The ____ DepartingDursleys
50.2%
The Ghoul in ____Pyjamas
42.8%
Fallen ____Warrior
41.4%
The ____ Hiding PlaceFinal
41%
The Forest ____Again
38.5%
The Goblin's ____Revenge
38.4%
The Dark Lord ____Ascending
34.8%
The ____ TalePrince's
32.9%
The Muggle-Born Registration _____Commission
28.7%
The ____ MirrorMissing
19.9%

Today's Daily Dose

Missing Word
Sherlocks

Word Ladder
King of the Hill

Quick Pick
Songs in Pink

Get the Picture
NBA Teammates

You're not logged in!

Compare scores with friends on all Sporcle quizzes.
OR
Log In

Sporcle TV

Today on Sporcle TV


Watch our educational content, quiz creation guides, and fun videos on Sporcle TV.

Show Comments

Extras

Top Quizzes Today


Score Distribution

Your Account Isn't Verified!

In order to create a playlist on Sporcle, you need to verify the email address you used during registration. Go to your Sporcle Settings to finish the process.

Report this User

Report this user for behavior that violates our Community Guidelines.

Details: